| 000 | 00497nam a2200157Ia 4500 | ||
|---|---|---|---|
| 003 | OSt | ||
| 005 | 20230602102039.0 | ||
| 008 | 211028s2012 xx 000 0 und d | ||
| 040 | _cAIMIT LIBRARY | ||
| 041 | _aeng | ||
| 100 |
_aManisha; D'Souza, Manibushan. _98356 _e101916 |
||
| 110 |
_aManibushan D'Souza _98357 |
||
| 245 | _aDesign and implementation of personal diary portlet and ratings 'remark and erase remark for wall' hooks for liferay. | ||
| 260 |
_aMangalore _c2012 |
||
| 942 |
_2ddc _cPRO |
||
| 999 |
_c219847 _d219847 |
||